[Event "Sunningdale e2e4 Major op"]
[Site "Sunningdale"]
[Date "2011.05.30"]
[Round "7"]
[White "Musthapha, Othman"]
[Black "Jacob, Sydney J"]
[Result "1-0"]
[WhiteElo "1832"]
[BlackElo "1959"]
[PlyCount "79"]
[EventDate "2011.05.27"]
[EventType "swiss"]
[EventRounds "7"]
[EventCountry "ENG"]
[SourceTitle "EXT 2023"]
[Source "ChessBase"]
[SourceDate "2022.10.05"]
[SourceVersion "1"]
[SourceVersionDate "2022.10.05"]
[SourceQuality "1"]

1. e4 e6 2. d4 d5 3. Nc3 Bb4 4. e5 c5 5. a3 Bxc3+ 6. bxc3 Ne7 7. a4 Qc7 8. Ne2 Nbc6 9. g4 Bd7 10. Bg2 0-0-0 11. Ng3 Nxe5 12. dxe5 Qxe5+ 13. Ne2 g5 14. f4 gxf4 15. Bxf4 Qg7 16. Bd6 Nc6 17. Bxc5 Qxg4 18. 0-0 Rhg8 19. Ng3 Qxd1 20. Raxd1 b6 21. Bd6 Be8 22. Bf4 Na5 23. Be5 Nc4 24. Bf6 Rd6 25. Ra1 a5 26. Rf2 Rc6 27. Kh1 Ne3 28. Bh3 Ng4 29. Bxg4 Rxg4 30. Bd4 f5 31. Ne2 Kb7 32. Nf4 Bd7 33. Nd3 Rd6 34. Be5 Rc6 35. Bd4 Rd6 36. Be5 Rc6 37. Bd4 Rd6 38. Ne5 Rg7 39. Nc4 dxc4 40. Bxg7 1-0

[Event "Brighton op"]
[Site "Brighton"]
[Date "2010.11.14"]
[Round "5"]
[White "Larwood, Peter"]
[Black "Musthapha, Othman"]
[Result "0-1"]
[WhiteElo "1946"]
[BlackElo "1699"]
[PlyCount "70"]
[EventDate "2010.11.12"]
[EventType "swiss"]
[EventRounds "5"]
[EventCountry "ENG"]
[SourceTitle "EXT 2011"]
[Source "ChessBase"]
[SourceDate "2010.11.26"]
[SourceVersion "1"]
[SourceVersionDate "2010.11.26"]
[SourceQuality "1"]

1. e4 c5 2. Nc3 d6 3. g3 Nf6 4. Bg2 Bg4 5. f3 Bh5 6. d3 e6 7. Nge2 Nc6 8. 0-0 Bg6 9. Rb1 Be7 10. Nf4 Rc8 11. Be3 a6 12. Nxg6 hxg6 13. Qd2 Qc7 14. Nd1 Ne5 15. Bf2 d5 16. h3 g5 17. exd5 Nxd5 18. Ne3 Nf6 19. Rfe1 Kf8 20. Nf1 Nd5 21. Ne3 Nf6 22. Nf1 Nd5 23. Ne3 Nxe3 24. Qxe3 Bf6 25. f4 gxf4 26. Qxf4 b6 27. d4 cxd4 28. Rbd1 Ng6 29. Qe4 Rh5 30. Qd3 Rc5 31. Be4 Ne5 32. Qa3 Nc4 33. Qxa6 Ne3 34. c3 Nxd1 35. Rxd1 dxc3 0-1